| 000 | 00468pab a2200181 454500 | ||
|---|---|---|---|
| 008 | 180718b2001 xxu||||| |||| 00| 0 eng d | ||
| 100 | _aBoyd, Leslie | ||
| 245 | _aEconomic scenarios for South Africa: a business perspective | ||
| 260 | _c2001 | ||
| 300 | _ap.71-98 | ||
| 362 | _aWinter | ||
| 650 | _aEconomic growth - South Africa | ||
| 650 | _aEconomic growth | ||
| 700 | _aKeeton, Gavin | ||
| 700 | _aSpicer, Michael | ||
| 773 | _aDaedalus | ||
| 909 | _a47924 | ||
| 999 |
_c47924 _d47924 |
||